| 000 | 00327nam a22001217a 4500 | ||
|---|---|---|---|
| 082 | _a669.14 BAS'M | ||
| 100 |
_aBASHFORTH, G. REGINALD _952091 |
||
| 245 | _aTHE MANUFACTURE OF IRON AND STEEL IRON PRODUCTION AND STEEL PRODUCTION | ||
| 250 | _a2ND | ||
| 260 |
_aLONDON _bCHAPMAN & HALL _c1960 |
||
| 300 | _aVOL-1&2 | ||
| 942 | _cBK | ||
| 999 |
_c568383 _d568383 |
||